| 000 | 00550nam a2200181Ia 4500 | ||
|---|---|---|---|
| 005 | 20260429111907.0 | ||
| 008 | 260429s9999||||xx |||||||||||||| ||und|| | ||
| 020 | _a9781032380056 | ||
| 041 | _aEnglish | ||
| 082 |
_a658.408 _bMAC |
||
| 100 | _aMackie, Doug | ||
| 245 | 0 |
_aHandbook of climate change leadership in organisations : _bdeveloping leadership for the age of sustainability / _cDoug Mackie |
|
| 260 |
_aUnited States : _bRoutledge, _c2024. |
||
| 300 | _axx, 437 p.; pbk | ||
| 650 | _a Leadership | ||
| 650 | _aManagement | ||
| 942 | _cTB | ||
| 999 |
_c51312 _d51312 |
||